00797nam a2200229Ia 4500952011000000999001700110005001700127008004100144020001500185050002100200100003200221245010300253260003000356300001800386336001000404337001400414338001200428519006300440650002100503700003100524942001200555 00104070a25b25d2009-07-24l11oHF5549 G66 2005p06 000145r2020-02-10s2020-02-10t1w2012-06-26yLB c65001d6500120231102150853.0120626s2005 mx 000 0 spa d a9702407443 aHF5549bG66 2005 aGonzález, Martíneautor aAdministración de recursos humanosb: diversidad - caosc/ Martín González, Socorro Olivares aMéxicob: CECSAc, 2005 a297 páginas atexto asin medio avolumen aMaterial Complementario /bAdministración /d(06 000145) aRECURSOS HUMANOS aOlivares, Socorroecoautor cLB2lcc